| 000 | 01237cam a22003374a 4500 | ||
|---|---|---|---|
| 001 | 13834531 | ||
| 005 | 20060523131056.0 | ||
| 008 | 050107s2006 ohuab |rb 001 0 eng | ||
| 010 | _a 2005920268 | ||
| 020 | _a0324315414 | ||
| 020 | _a9780324315417 | ||
| 040 |
_aDLC _cDLC |
||
| 042 | _apcc | ||
| 050 | 0 | 0 |
_aHF1411 _b.Y34 2006 |
| 082 |
_a337 _bYAR |
||
| 100 | 1 |
_aYarbrough, Beth V. _922511 |
|
| 245 | 1 | 4 |
_aThe World Economy : _bTrade and Finance / _cBeth V. Yarbrough, Robert M. Yarbrough. |
| 246 | 3 | 0 | _aTrade and finance |
| 250 | _a7th ed. | ||
| 260 |
_aMason, OH : _bThomson/South-Western, 2006 _cc2006. |
||
| 300 |
_axvi, 763 p. : _bill. (some col.), maps (some col.) ; _c27 cm. |
||
| 504 | _aIncludes bibliographical references and indexes. | ||
| 650 | 0 |
_aCommercial policy. _922512 |
|
| 650 | 0 |
_aInternational finance. _922513 |
|
| 650 | 0 |
_aInternational economic relations. _922514 |
|
| 650 | 0 |
_aEconomic policy. _922515 |
|
| 700 | 1 |
_aYarbrough, Robert M. _922516 |
|
| 942 |
_2ddc _cBB |
||
| 999 |
_c14996 _d14996 |
||